00878nam a2200157Ia 4500008004100000082002500041100001400066245014700080260003900227365000900266630014700275730014700422942000900569999001900578952012300597100415s9999 xx 000 0 und d b18325a599.725(5475) aSINGH, HS aEcological Study of Wild Ass Sanctuary : Little Rann of Kutch (A Comprehensive study on biodiversity and management issues): (OVERSIZED BOOKS) aGANDHINAGARc1999bGEER FOUNDATION b1200 aEcological Study of Wild Ass Sanctuary : Little Rann of Kutch (A Comprehensive study on biodiversity and management issues): (OVERSIZED BOOKS) aEcological Study of Wild Ass Sanctuary : Little Rann of Kutch (A Comprehensive study on biodiversity and management issues): (OVERSIZED BOOKS) cBOOK c601222d601219 00104070aBNHSbBNHSd1999-08-14g1200.00l0o599.725(5475) 18325pBNHS-18325r2010-04-15 00:00:00w2010-04-15yBOOK